Conjugaison - Être - Statistiques

Statistiques générales
  • Ce quiz a été pris 452 fois
    446 depuis la dernière actualisation
  • Le résultat moyen est 57 sur 97
Statistiques - réponses
Temps Pronoms Verbe % Correct
Indicatif présent Je suis
100%
Indicatif présent Tu es
96%
Indicatif présent Il/Elle/On est
96%
Indicatif présent Vous êtes
95%
Indicatif présent Nous sommes
95%
Indicatif présent Ils/Elles sont
95%
Indicatif imparfait Je étais
89%
Indicatif imparfait Tu étais
86%
Indicatif imparfait Il/Elle/On était
86%
Indicatif imparfait Vous étiez
86%
Indicatif imparfait Nous étions
86%
Indicatif passé composé Je ai été
85%
Indicatif passé composé Tu as été
85%
Indicatif imparfait Ils/Elles étaient
85%
Indicatif passé composé Il/Elle/On a été
84%
Indicatif passé composé Vous avez été
84%
Indicatif passé composé Nous avons été
84%
Indicatif passé composé Ils/Elles ont été
84%
Indicatif futur simple Je serai
76%
Indicatif passé simple Je fus
75%
Indicatif futur simple Il/Elle/On sera
75%
Indicatif futur simple Tu seras
75%
Indicatif futur simple Vous serez
75%
Indicatif futur simple Nous serons
75%
Indicatif passé simple Tu fus
73%
Indicatif futur simple Ils/Elles seront
73%
Indicatif passé simple Il/Elle/On fut
72%
Indicatif passé simple Vous fûtes
72%
Indicatif passé simple Nous fûmes
71%
Indicatif passé simple Ils/Elles furent
71%
Indicatif plus-que-parfait Je avais été
70%
Indicatif plus-que-parfait Tu avais été
70%
Indicatif plus-que-parfait Il/Elle/On avait été
70%
Indicatif plus-que-parfait Ils/Elles avaient été
69%
Indicatif plus-que-parfait Vous aviez été
69%
Indicatif plus-que-parfait Nous avions été
69%
Conditionnel présent Je serais
62%
Conditionnel présent Tu serais
61%
Conditionnel présent Il/Elle/On serait
61%
Conditionnel présent Vous seriez
61%
Conditionnel présent Nous serions
61%
Infinitif Présent être
60%
Conditionnel présent Ils/Elles seraient
60%
Subjonctif présent Je sois
60%
Subjonctif présent Tu sois
59%
Indicatif futur antérieur Il/Elle/On aura été
58%
Indicatif futur antérieur Je aurai été
58%
Indicatif futur antérieur Tu auras été
58%
Indicatif futur antérieur Vous aurez été
58%
Indicatif futur antérieur Nous aurons été
58%
Indicatif futur antérieur Ils/Elles auront été
58%
Subjonctif présent Il/Elle/On soit
58%
Subjonctif présent Vous soyez
57%
Subjonctif présent Nous soyons
57%
Subjonctif présent Ils/Elles soient
56%
Conditionnel passé Ils/Elles auraient été
53%
Conditionnel passé Je aurais été
53%
Conditionnel passé Tu aurais été
53%
Conditionnel passé Il/Elle/On aurait été
53%
Conditionnel passé Vous auriez été
53%
Conditionnel passé Nous aurions été
53%
Indicatif passé antérieur Tu eus été
53%
Indicatif passé antérieur Il/Elle/On eut été
53%
Indicatif passé antérieur Nous eûmes été
52%
Indicatif passé antérieur Ils/Elles eurent été
52%
Indicatif passé antérieur Je eus été
52%
Indicatif passé antérieur Vous eûtes été
52%
Impératif présent Tu sois
50%
Impératif présent Nous soyons
50%
Impératif présent Vous soyez
49%
Participe Présent étant
43%
Participe Passé été
42%
Infinitif Passé avoir été
39%
Subjonctif passé Je aie été
38%
Subjonctif passé Ils/Elles aient été
38%
Subjonctif passé Tu aies été
38%
Subjonctif passé Il/Elle/On ait été
38%
Subjonctif imparfait Je fusse
38%
Subjonctif imparfait Tu fusses
38%
Subjonctif passé Vous ayez été
37%
Subjonctif passé Nous ayons été
37%
Gérondif Présent en étant
37%
Subjonctif plus-que-parfait Je eusse été
36%
Subjonctif plus-que-parfait Tu eusses été
36%
Subjonctif plus-que-parfait Il/Elle/On eût été
36%
Subjonctif imparfait Il/Elle/On fût
36%
Subjonctif imparfait Ils/Elles fussent
35%
Subjonctif imparfait Vous fussiez
35%
Subjonctif imparfait Nous fussions
35%
Subjonctif plus-que-parfait Ils/Elles eussent été
32%
Subjonctif plus-que-parfait Vous eussiez été
32%
Subjonctif plus-que-parfait Nous eussions été
32%
Gérondif Passé en ayant été
31%
Participe Passé ayant été
28%
Impératif passé Tu aie été
27%
Impératif passé Vous ayez été
27%
Impératif passé Nous ayons été
27%
Aucun quiz correspondant
Distribution des résultats
% des personnes avec chaque résultat
Percentile par nombre de réponses
Votre historique - résultats
Vous n’avez pas pris ce quiz depuis la dernière actualisation